01017nam a2200217 a 450000100060000000300090000600800410001502000180005604000280007408200230010224500410012526000230016630000100018950002620019965000540046165000460051565000640056194200120062599900170063795201450065423960CO-ViMGA141112s2004 ck r 000 u spa d a9789586538893 aCO-ViMGAbspacCO-ViMGA04a336.2714 M158 201110aManual practico de iva y facturacion aColombia : blegis a309p. aEn la caratula : incluye reforma tributaria;guia de auditoría para la declaración del IVA y presentación de información en medios magnéticos;ejemplos del tratamiento contable y fiscal del IVA;requisitos para devolución y/o compensación del IVA14a2 : IMPUESTOS SOBRE LAS VENTAS - COLOMBIA 93478914a3 : IMPUESTO AL CONSUMO - COLOMBIA93479014aIMPUESTO AL VALOR AGREGADO - LEGISLACION - COLOMBIA 934791 2ddccBK c32025d32025 00102ddc40708002aMEVIECARbMEVIECARd2015-12-04h09/sep/2011l0o336.2714 M158 2011 p24889r2015-12-04 00:00:00tEj. 1w2015-12-04yBK